000 00351nam a2200145Ia 4500
008 230917s9999||||xx |||||||||||||| ||und||
040 _e125375
_aMAIN
041 _aEnglish
082 _aB E35F
100 _aEngels, Frederick
245 0 _aFrederick: a biography
260 _aMoscow
_bProgres Publishers
_c1974
300 _a510p p.
942 _cBK
999 _c132826
_d132826